[Event "Espalion Op"]
[Site "Espalion (12)"]
[Date "2018.07.15"]
[Round "2.3"]
[White "Flaujac, Benoit"]
[Black "Kosten, Anthony C"]
[Result "0-1"]
[WhiteElo "1902"]
[BlackElo "2439"]
[PlyCount "34"]
[EventDate "2018.07.??"]
[EventType "swiss"]
[EventRounds "9"]
[EventCountry "FRA"]

1. e4 e5 2. Nf3 Nc6 3. d4 exd4 4. Bc4 Nf6 5. e5 Ng4 6. O-O d6 7. exd6 Bxd6 8.
Re1+ Kf8 9. a4 Nce5 10. Nxe5 Nxe5 11. Bb3 Qh4 12. h3 Bd7 13. Nd2 Bc6 14. c3 Nd3
15. Re2 Bxg2 16. Kxg2 Nf4+ 17. Kf1 Qxh3+ 0-1

[Event "Espalion Op"]
[Site "Espalion (12)"]
[Date "2018.07.15"]
[Round "2.4"]
[White "Stets, Dmitry"]
[Black "Lagunes, Jean-Renaud"]
[Result "1-0"]
[WhiteElo "2383"]
[BlackElo "1943"]
[PlyCount "85"]
[EventDate "2018.07.??"]
[EventType "swiss"]
[EventRounds "9"]
[EventCountry "FRA"]

1. e4 d6 2. d4 Nf6 3. Nc3 g6 4. Nf3 Bg7 5. Bc4 Nc6 6. h3 O-O 7. Bb3 Na5 8. O-O
Nd7 9. Bg5 Nxb3 10. axb3 h6 11. Bh4 Nb6 12. Re1 g5 13. Bg3 g4 14. hxg4 Bxg4 15.
Qd3 Bxf3 16. Qxf3 e5 17. dxe5 dxe5 18. Ra5 f6 19. Rd1 Qe7 20. Nd5 Nxd5 21.
Raxd5 Rf7 22. Qf5 Raf8 23. f3 b6 24. Bf2 Qe8 25. c4 Qc8 26. Qg6 Re7 27. Be3 Qe8
28. Qf5 Qc8 29. Qg6 Qe8 30. Qg4 Kh7 31. Rd7 Rxd7 32. Rxd7 Rf7 33. Qf5+ Kh8 34.
Rd1 Re7 35. Kf2 Qf7 36. Rh1 Rd7 37. Bxh6 Kg8 38. Ke2 b5 39. Rh4 Qe7 40. Bxg7
Qd6 41. Qh7+ Kf7 42. Bf8+ Kxf8 43. Qh8+ 1-0

[Event "Espalion Op"]
[Site "Espalion (12)"]
[Date "2018.07.15"]
[Round "2.5"]
[White "Tholey, Jean-Paul"]
[Black "Kurayan, Ruslan"]
[Result "0-1"]
[WhiteElo "1815"]
[BlackElo "2366"]
[PlyCount "52"]
[EventDate "2018.07.??"]
[EventType "swiss"]
[EventRounds "9"]
[EventCountry "FRA"]

1. d4 Nf6 2. c4 g6 3. Nc3 Bg7 4. e4 d6 5. f3 O-O 6. Be3 Nc6 7. Nge2 a6 8. Qd2
Rb8 9. Nc1 e5 10. d5 Nd4 11. N1e2 c5 12. dxc6 Nxc6 13. Rd1 Be6 14. b3 b5 15.
cxb5 axb5 16. Qxd6 Qc8 17. Qd2 Rd8 18. Qc1 Nb4 19. Rxd8+ Qxd8 20. Ng3 Rc8 21.
Qb2 Nd3+ 22. Bxd3 Qxd3 23. Nd1 Rc2 24. Qa3 Nh5 25. Qa8+ Bf8 26. Bh6 Rc8 0-1

[Event "Espalion Op"]
[Site "Espalion (12)"]
[Date "2018.07.15"]
[Round "2.6"]
[White "Lanzani, Mario"]
[Black "Gaubert, Cedric"]
[Result "1-0"]
[WhiteElo "2280"]
[BlackElo "1797"]
[PlyCount "63"]
[EventDate "2018.07.??"]
[EventType "swiss"]
[EventRounds "9"]
[EventCountry "FRA"]

1. c4 c5 2. e3 e6 3. d4 d5 4. Nf3 Nf6 5. a3 Nc6 6. dxc5 Bxc5 7. b4 Bb6 8. Bb2
O-O 9. Nbd2 Re8 10. Be2 Bc7 11. cxd5 Nxd5 12. Qb3 a6 13. Rd1 Qe7 14. O-O Nf6
15. Nd4 Bd7 16. Bf3 e5 17. Nxc6 Bxc6 18. Bxc6 bxc6 19. Qc4 Qe6 20. Rc1 Rad8 21.
Qxe6 Rxe6 22. Nb3 Bb6 23. Nc5 Bxc5 24. Rxc5 Rd5 25. Rfc1 Nd7 26. Rxd5 cxd5 27.
Rc8+ Nf8 28. f4 f6 29. fxe5 fxe5 30. Rd8 Kf7 31. Rxd5 e4 32. Bd4 1-0

[Event "Espalion Op"]
[Site "Espalion (12)"]
[Date "2018.07.15"]
[Round "2.7"]
[White "Joli, Laurent"]
[Black "Peter, Sebastien"]
[Result "0-1"]
[WhiteElo "1793"]
[BlackElo "2229"]
[PlyCount "40"]
[EventDate "2018.07.??"]
[EventType "swiss"]
[EventRounds "9"]
[EventCountry "FRA"]

1. e4 e6 2. d4 d5 3. exd5 exd5 4. Nf3 Bd6 5. Bd3 Ne7 6. h3 Nbc6 7. c3 Bf5 8.
Be2 Qd7 9. b4 a6 10. Nbd2 O-O 11. Nh4 Be6 12. Bd3 Rae8 13. Nf1 Ng6 14. Nf3
Bxh3+ 15. Ne3 Bxg2 16. Rg1 Qh3 17. Be2 Nf4 18. Ng5 Qh2 19. Kd2 Rxe3 20. fxe3
Nxe2 0-1

[Event "Espalion Op"]
[Site "Espalion (12)"]
[Date "2018.07.15"]
[Round "2.8"]
[White "Carton, Patrick"]
[Black "Carno, Matthias"]
[Result "1/2-1/2"]
[WhiteElo "2189"]
[BlackElo "1783"]
[PlyCount "58"]
[EventDate "2018.07.??"]
[EventType "swiss"]
[EventRounds "9"]
[EventCountry "FRA"]

1. e4 d5 2. exd5 Nf6 3. Nf3 Nxd5 4. h3 Bf5 5. c3 Nb6 6. d4 e6 7. a4 Be7 8. Be2
O-O 9. O-O c5 10. Nbd2 Nc6 11. dxc5 Bxc5 12. Nb3 Bd6 13. Nfd4 Nxd4 14. Nxd4 Be4
15. Bf3 Bd5 16. a5 Bxf3 17. Qxf3 Nc4 18. Qxb7 Bc7 19. Nb5 Bxa5 20. Qe4 Qd5 21.
Qxd5 exd5 22. b3 a6 23. bxc4 axb5 24. cxb5 Bxc3 25. Rb1 Rfb8 26. Bf4 Rb7 27.
Rfd1 d4 28. Be5 Ra4 29. b6 f6 1/2-1/2

[Event "Espalion Op"]
[Site "Espalion (12)"]
[Date "2018.07.15"]
[Round "2.9"]
[White "Hadamard, Olivier"]
[Black "Menard, Baptiste"]
[Result "0-1"]
[WhiteElo "1776"]
[BlackElo "2184"]
[PlyCount "98"]
[EventDate "2018.07.??"]
[EventType "swiss"]
[EventRounds "9"]
[EventCountry "FRA"]

1. d4 d6 2. c4 e5 3. dxe5 dxe5 4. Qxd8+ Kxd8 5. Nc3 Be6 6. e3 c6 7. Nf3 f6 8.
Be2 Nd7 9. b3 Nh6 10. e4 Nf7 11. a3 a5 12. Bb2 Nb6 13. Nd2 Bc5 14. O-O Kc7 15.
Rfd1 h5 16. Rac1 g5 17. Nd5+ Bxd5 18. cxd5 Nd7 19. dxc6 bxc6 20. Rc2 Bd4 21.
Bxd4 exd4 22. Nf3 Nfe5 23. Nxd4 Kb6 24. Rdc1 c5 25. Nf5 a4 26. Rb2 axb3 27.
Rxb3+ Kc7 28. Bb5 Rhb8 29. a4 g4 30. Rbc3 Rb6 31. Ne7 Kd8 32. Nd5 Rd6 33. Kf1
f5 34. f3 h4 35. Kf2 h3 36. f4 fxe4 37. fxe5 Rxd5 38. gxh3 Rxe5 39. hxg4 Nf6
40. Kg3 Rc8 41. h3 e3 42. Kf4 Re6 43. Kf5 Ke7 44. Re1 $2 (44. Rxc5 $18 Rf8 (
44... Rxc5+ 45. Rxc5 e2 46. Bxe2 Rxe2 47. Re5+ Rxe5+ 48. Kxe5 Nd7+ 49. Kf5 $18)
45. Rc7+ Nd7+ 46. Kg5 Rd6 47. R1c4) 44... Nd5 $2 (44... Ne4 $1 $19) 45. Rc2
Rf8+ 46. Kg5 Rf3 47. Bc4 $2 (47. Rxc5 $18) 47... Re5+ 48. Kg6 $4 (48. Kh4 $17)
48... Nf4+ 49. Kg7 Rg5+ 0-1

[Event "Espalion Op"]
[Site "Espalion (12)"]
[Date "2018.07.15"]
[Round "2.10"]
[White "Gerard, Nicolas"]
[Black "Martinez, Felicien"]
[Result "1-0"]
[WhiteElo "2183"]
[BlackElo "1766"]
[PlyCount "73"]
[EventDate "2018.07.??"]
[EventType "swiss"]
[EventRounds "9"]
[EventCountry "FRA"]

1. d4 Nf6 2. c4 g6 3. Nc3 Bg7 4. e4 d6 5. f4 O-O 6. Nf3 c5 7. d5 e6 8. dxe6
Bxe6 9. Bd3 Bg4 10. O-O Nc6 11. h3 Bxf3 12. Qxf3 Nd4 13. Qf2 Re8 14. Be3 Nd7
15. Rad1 a6 16. f5 gxf5 17. exf5 b5 18. Nd5 bxc4 19. Bxc4 Ne5 20. f6 Bf8 21.
Bxd4 cxd4 22. Rxd4 Nxc4 23. Rxc4 Re5 24. Qf3 Rb8 25. Rfc1 Rg5 26. Rg4 Rg6 27.
b4 a5 28. a3 Rc8 29. Rxc8 Qxc8 30. Ne7+ Bxe7 31. fxe7 Kg7 32. Qe3 Qe8 33. Qd4+
f6 34. Rxg6+ hxg6 35. Qxd6 Qc8 36. bxa5 Kf7 37. a6 1-0

[Event "Espalion Op"]
[Site "Espalion (12)"]
[Date "2018.07.15"]
[Round "2.11"]
[White "Verat-Fayolle, Celian"]
[Black "Flear, Christine"]
[Result "1-0"]
[WhiteElo "1759"]
[BlackElo "2083"]
[PlyCount "87"]
[EventDate "2018.07.??"]
[EventType "swiss"]
[EventRounds "9"]
[EventCountry "FRA"]

1. e4 c5 2. Nf3 e6 3. c3 Nf6 4. e5 Nd5 5. d4 cxd4 6. cxd4 d6 7. Bc4 Nb6 8. Bb3
Nc6 9. O-O dxe5 10. dxe5 Qxd1 11. Rxd1 Nd7 12. Ba4 Nc5 13. Bxc6+ bxc6 14. Be3
Na4 15. b3 Nb6 16. Nc3 Ba3 17. Ne4 h6 18. Bc5 Bxc5 19. Nxc5 Nd5 20. Nd4 Bd7 21.
Rac1 Rc8 22. Rc4 Ke7 23. Rdc1 Be8 24. Ne4 Bd7 25. Nd6 Rc7 26. Nxc6+ Bxc6 27.
Rxc6 Rxc6 28. Rxc6 Ra8 29. Rc8 Rxc8 30. Nxc8+ Kd7 31. Nxa7 Nc3 32. a4 Kc7 33.
Kf1 Kb6 34. Nc8+ Ka5 35. Nd6 f6 36. Ne8 Ne4 37. Nxg7 fxe5 38. Nxe6 Nd2+ 39. Ke2
Nxb3 40. Nd8 Kxa4 41. Nf7 Kb5 42. Ke3 Kc6 43. Nxe5+ Kd5 44. Ng4 1-0

[Event "Espalion Op"]
[Site "Espalion (12)"]
[Date "2018.07.15"]
[Round "2.12"]
[White "Malart, Jacques"]
[Black "Larcheveque, Francois"]
[Result "0-1"]
[WhiteElo "1735"]
[BlackElo "1980"]
[PlyCount "86"]
[EventDate "2018.07.??"]
[EventType "swiss"]
[EventRounds "9"]
[EventCountry "FRA"]

1. e4 e6 2. Nf3 d5 3. exd5 exd5 4. d4 Nf6 5. Nc3 Be7 6. Bf4 O-O 7. Be2 c6 8. a3
Re8 9. O-O Nbd7 10. Re1 Nf8 11. Bg3 Bg4 12. Ne5 Bxe2 13. Nxe2 Ne4 14. c3 Nd7
15. Nxd7 Qxd7 16. Nf4 Bd6 17. Ne2 Nxg3 18. Nxg3 Rxe1+ 19. Qxe1 Re8 20. Qd2 Qe6
21. Kf1 Qg6 22. Re1 Rxe1+ 23. Qxe1 h5 24. Ne2 Bxh2 25. g3 Qe4 26. Nf4 Qh1+ 27.
Ke2 Qe4+ 28. Kd2 h4 29. Qxe4 dxe4 30. Ne2 h3 31. Nf4 Bxg3 32. Nxh3 Bd6 33. Ke3
f5 34. Ng5 g6 35. b4 Be7 36. Kf4 Bxg5+ 37. Kxg5 Kf7 38. c4 Ke6 39. a4 Ke7 40.
b5 a6 41. bxa6 bxa6 42. a5 Ke6 43. Kf4 Kf6 0-1

[Event "Espalion Op"]
[Site "Espalion (12)"]
[Date "2018.07.15"]
[Round "2.13"]
[White "Grichkevitch, Gilles"]
[Black "Griggio, Jean-Paul"]
[Result "1-0"]
[WhiteElo "1964"]
[BlackElo "1752"]
[PlyCount "135"]
[EventDate "2018.07.??"]
[EventType "swiss"]
[EventRounds "9"]
[EventCountry "FRA"]

1. e4 e5 2. Nf3 Nc6 3. Bc4 Be7 4. d4 exd4 5. Nxd4 d6 6. Nxc6 bxc6 7. e5 d5 8.
Bd3 Bc5 9. Nc3 a5 10. Bf4 Qh4 11. Bg3 Qe7 12. Ne2 Nh6 13. O-O O-O 14. c4 Nf5
15. Bf4 g5 16. Bg3 Nxg3 17. Nxg3 Qxe5 18. cxd5 Bd6 19. Qh5 f5 20. Qxg5+ Qg7 21.
Qxg7+ Kxg7 22. dxc6 Ba6 23. Rfd1 Bxd3 24. Rxd3 Ra6 25. Rc1 Rb6 26. b3 Rb5 27.
Kf1 Kg6 28. Rc4 Rf6 29. f4 Rb6 30. Ne2 Ba3 31. Rd7 Rbxc6 32. Rxc7 Rcd6 33. Nd4
Bb2 34. Nf3 Rfe6 35. Kf2 Bf6 36. R4c5 Bd8 37. Ne5+ Kf6 38. R7c6 Rd2+ 39. Kf3
Rxa2 40. Rxe6+ Kxe6 41. Rc6+ Kd5 42. Rc8 Bf6 43. Nc4 Ra1 44. Ra8 Bc3 45. g3 Bb4
46. Re8 Bc3 47. Ne3+ Kd6 48. Nxf5+ Kd7 49. Re3 Bb4 50. g4 Rf1+ 51. Ke4 Ke6 52.
g5 Rd1 53. Nd4+ Kf7 54. f5 Rc1 55. Rh3 Kg8 56. f6 Rg1 57. Rg3 Re1+ 58. Kd5 Rd1
59. h4 Ba3 60. h5 Bb2 61. Rg4 Kf7 62. g6+ hxg6 63. hxg6+ Kg8 64. Re4 Kf8 65.
Kc4 Rc1+ 66. Kb5 Rc8 67. Ne6+ Kg8 68. f7+ 1-0

[Event "Espalion Op"]
[Site "Espalion (12)"]
[Date "2018.07.15"]
[Round "2.14"]
[White "Baroyan, Davit"]
[Black "Lagunes, Robin"]
[Result "0-1"]
[WhiteElo "2049"]
[BlackElo "1857"]
[PlyCount "98"]
[EventDate "2018.07.??"]
[EventType "swiss"]
[EventRounds "9"]
[EventCountry "FRA"]

1. d4 c6 2. c4 d5 3. Nf3 Nf6 4. g3 g6 5. Bg2 Bg7 6. O-O O-O 7. Nc3 dxc4 8. a4
Bf5 9. a5 Ne4 10. Qa4 Nd6 11. Rd1 Nd7 12. Bf4 b5 13. axb6 axb6 14. Qxc6 Rxa1
15. Rxa1 Qc8 16. Qxc8 Rxc8 17. Ra7 g5 18. Bxg5 e5 19. Nd5 exd4 20. Ne7+ Kf8 21.
Nxc8 Nxc8 22. Ra8 Nc5 23. Bd8 b5 24. Rb8 Bd7 25. Bc7 Ke7 26. Be5 Bxe5 27. Nxe5
c3 28. bxc3 dxc3 29. Ra8 c2 30. Ra1 Nb3 31. Re1 c1=Q 32. Rxc1 Nxc1 33. Kf1 Be6
34. Ke1 Kd6 35. f4 f6 36. Nf3 Nb3 37. e4 Nb6 38. e5+ fxe5 39. Nxe5 Nc4 40. Be4
h6 41. Ng6 Nc5 42. Bc2 Na3 43. Bd1 Ne4 44. g4 b4 45. Bf3 Bd5 46. Ne5 b3 47. Nd3
Nc5 48. Nxc5 Kxc5 49. Bxd5 Kxd5 0-1

[Event "Espalion Op"]
[Site "Espalion (12)"]
[Date "2018.07.15"]
[Round "2.15"]
[White "Martin, Gerard"]
[Black "Marie, Olivier"]
[Result "1/2-1/2"]
[WhiteElo "1381"]
[BlackElo "1544"]
[PlyCount "89"]
[EventDate "2018.07.??"]
[EventType "swiss"]
[EventRounds "9"]
[EventCountry "FRA"]

1. d4 g6 2. c4 Bg7 3. Nf3 a5 4. Nc3 Na6 5. Bf4 d6 6. e3 c6 7. h3 Nf6 8. Be2 Qb6
9. b3 Nh5 10. Rc1 Nxf4 11. exf4 Bh6 12. g3 Bd7 13. d5 O-O 14. h4 Rad8 15. h5
Qb4 16. Kf1 Bg7 17. Ne4 Bc8 18. Kg2 cxd5 19. Qxd5 Be6 20. Qd1 d5 21. Ned2 dxc4
22. Bxc4 Nc5 23. Bxe6 Nxe6 24. Qe2 Bf6 25. hxg6 hxg6 26. Ne4 Bg7 27. Neg5 Nxg5
28. Nxg5 Rd2 29. Qc4 Qxc4 30. Rxc4 Rfd8 31. Rhc1 Rxa2 32. Rc8 Rad2 33. Rxd8+
Rxd8 34. Rc7 Bf6 35. Rxb7 Rd3 36. Ra7 Rxb3 37. Rxa5 Rb2 38. Rd5 e6 39. Rd7 Bxg5
40. fxg5 Rb5 41. f4 Kf8 42. Kf3 Rb3+ 43. Kg4 Ke8 44. Ra7 Rb4 45. Kf3 1/2-1/2

[Event "Espalion Op"]
[Site "Espalion (12)"]
[Date "2018.07.15"]
[Round "2.16"]
[White "Pascot, Jean"]
[Black "Duvette, Michel"]
[Result "1-0"]
[WhiteElo "1796"]
[BlackElo "1520"]
[PlyCount "59"]
[EventDate "2018.07.??"]
[EventType "swiss"]
[EventRounds "9"]
[EventCountry "FRA"]

1. e4 d5 2. exd5 Nf6 3. d4 Nxd5 4. Bc4 c6 5. Qf3 Nf6 6. Qb3 e6 7. Nf3 Nbd7 8.
Nc3 Nb6 9. Bd3 Be7 10. O-O O-O 11. Rd1 Nfd5 12. Ne4 h6 13. c4 Nf6 14. Ne5 Nbd7
15. h3 Qb6 16. Qc2 Nxe5 17. dxe5 Nxe4 18. Bxe4 Rd8 19. Bh7+ Kf8 20. Be3 c5 21.
Rxd8+ Qxd8 22. Rd1 Qc7 23. f4 b6 24. Qf2 g6 25. f5 Kg7 26. f6+ Kxh7 27. Bxh6
Bf8 28. Bxf8 Qxe5 29. Qf3 Qb8 30. Qe3 1-0

[Event "Espalion Op"]
[Site "Espalion (12)"]
[Date "2018.07.15"]
[Round "2.17"]
[White "Rabier, Jean"]
[Black "Garde, Guillaume"]
[Result "1-0"]
[WhiteElo "1732"]
[BlackElo "1405"]
[PlyCount "97"]
[EventDate "2018.07.??"]
[EventType "swiss"]
[EventRounds "9"]
[EventCountry "FRA"]

1. e4 e6 2. Nf3 d5 3. Nc3 d4 4. Ne2 Nc6 5. c3 dxc3 6. bxc3 Nf6 7. d3 e5 8. Ng3
Bg4 9. Be2 Qd7 10. h3 Be6 11. Ng5 Be7 12. Nxe6 Qxe6 13. Nf5 O-O 14. g4 Rfd8 15.
Bd2 Rd7 16. g5 Ne8 17. Bg4 Qg6 18. Nh4 Qd6 19. Bxd7 Qxd7 20. Qf3 Rd8 21. Nf5
Qxd3 22. Qxd3 Rxd3 23. Ke2 Rd7 24. h4 Nd6 25. Nxd6 Rxd6 26. Be3 a6 27. Rad1 Kf8
28. Rxd6 Bxd6 29. c4 b6 30. Rc1 Nd4+ 31. Bxd4 exd4 32. Kd3 c5 33. Rb1 Bc7 34.
f4 Ke7 35. e5 Ke6 36. Ke4 g6 37. a4 a5 38. Rf1 Bd8 39. Rf3 Be7 40. Rh3 Bd8 41.
h5 Bc7 42. hxg6 hxg6 43. Rh8 Kd7 44. Kd5 Bd8 45. Rh7 Ke8 46. e6 d3 47. exf7+
Kf8 48. Rh8+ Kxf7 49. Rxd8 1-0

[Event "Espalion Op"]
[Site "Espalion (12)"]
[Date "2018.07.15"]
[Round "2.18"]
[White "Martinez, Philippe"]
[Black "Veschambre, Antoine"]
[Result "0-1"]
[WhiteElo "1506"]
[BlackElo "1730"]
[PlyCount "44"]
[EventDate "2018.07.??"]
[EventType "swiss"]
[EventRounds "9"]
[EventCountry "FRA"]

1. e4 Nf6 2. Nc3 d5 3. exd5 Nxd5 4. Nf3 Bg4 5. Be2 Nc6 6. d4 e6 7. Ne4 Bb4+ 8.
c3 Ba5 9. O-O O-O 10. Ng3 Nce7 11. Ng5 Bxe2 12. Qxe2 c5 13. N3e4 cxd4 14. Nxh7
Kxh7 15. f4 f6 16. Qh5+ Kg8 17. g4 Qe8 18. Qh4 Bb6 19. c4 Ne3 20. Bxe3 dxe3 21.
c5 Qc6 22. cxb6 Qxe4 0-1

[Event "Espalion Op"]
[Site "Espalion (12)"]
[Date "2018.07.15"]
[Round "2.19"]
[White "Auzolle, Laurent"]
[Black "Kosten-Forintos, Gyongyver"]
[Result "0-1"]
[WhiteElo "1399"]
[BlackElo "1685"]
[PlyCount "69"]
[EventDate "2018.07.??"]
[EventType "swiss"]
[EventRounds "9"]
[EventCountry "FRA"]

1. e4 d5 2. exd5 Qxd5 3. Nc3 Qa5 4. Nf3 c6 5. d4 Bg4 6. Be2 Nf6 7. Bd2 Qc7 8.
h3 Bh5 9. O-O e6 10. a3 Bd6 11. Bg5 Nbd7 12. Re1 O-O-O 13. Bd2 Rhe8 14. b4 Nd5
15. Ne4 Bf4 16. c4 Bxd2 17. Qxd2 N5f6 18. Neg5 Nb6 19. Bd3 h6 20. Nxe6 fxe6 21.
Rxe6 Rxe6 22. Bf5 Bxf3 23. Bxe6+ Kb8 24. gxf3 Nc8 25. c5 Ne7 26. Qd3 Qf4 27.
Rd1 Ned5 28. b5 cxb5 29. Qxb5 Nc3 30. Qa5 Rxd4 31. Rxd4 Qxd4 32. c6 bxc6 33.
Qa6 Ne2+ 34. Kf1 Qd1+ 35. Kg2 0-1

[Event "Espalion Op"]
[Site "Espalion (12)"]
[Date "2018.07.15"]
[Round "2.20"]
[White "Rinie, Jean-Jacques"]
[Black "Garde, Gilles"]
[Result "1/2-1/2"]
[WhiteElo "1654"]
[BlackElo "1384"]
[PlyCount "51"]
[EventDate "2018.07.??"]
[EventType "swiss"]
[EventRounds "9"]
[EventCountry "FRA"]

1. e4 d6 2. d4 e6 3. c4 Nd7 4. Nf3 h6 5. Bd3 Ne7 6. Nc3 a6 7. Be3 b6 8. O-O Bb7
9. d5 e5 10. Nd2 g6 11. Ne2 Bg7 12. Rb1 Bc8 13. Ng3 Nf6 14. f4 Ng4 15. Qe2 O-O
16. f5 Nxe3 17. Qxe3 gxf5 18. exf5 f6 19. Rf3 Kh7 20. Rbf1 Qe8 21. Nde4 Rb8 22.
b4 Rg8 23. c5 bxc5 24. bxc5 Nxd5 25. Qc1 Rf8 26. cxd6 1/2-1/2

[Event "Espalion Op"]
[Site "Espalion (12)"]
[Date "2018.07.15"]
[Round "2.21"]
[White "Bessiere, Alain"]
[Black "Chazeau, Laineur-Lothaire"]
[Result "0-1"]
[WhiteElo "1330"]
[BlackElo "1651"]
[PlyCount "96"]
[EventDate "2018.07.??"]
[EventType "swiss"]
[EventRounds "9"]
[EventCountry "FRA"]

1. d4 g6 2. c4 Bg7 3. Nf3 d6 4. Nc3 a6 5. Bf4 h6 6. h3 e6 7. e3 Ne7 8. Bd3 O-O
9. O-O b6 10. b4 Nd7 11. Be4 Rb8 12. Qc2 f5 13. Bd3 Bb7 14. Be2 Nf6 15. Qb3 Rc8
16. Rad1 Kh7 17. d5 e5 18. Bh2 Nd7 19. Qb1 Qe8 20. e4 f4 21. Nh4 Bf6 22. Nf3 g5
23. Ne1 Qg6 24. Bg4 Rcd8 25. Bf5 Nxf5 26. exf5 Qf7 27. Ne4 Rb8 28. f3 Kg8 29.
Nf2 Bg7 30. Ng4 Qxf5 31. Nxh6+ Bxh6 32. Qxf5 Rxf5 33. g4 Rf7 34. Nd3 Re8 35.
Nf2 Nf6 36. Ne4 Nxe4 37. fxe4 Bf8 38. Rf3 Rh7 39. Rdf1 Ra8 40. a4 c6 41. Kh1
cxd5 42. cxd5 Rc7 43. Bg1 b5 44. a5 Rc4 45. Bb6 Rac8 46. Rg1 Rxe4 47. Bf2 Bxd5
48. Kh2 Rc2 0-1

[Event "Espalion Op"]
[Site "Espalion (12)"]
[Date "2018.07.15"]
[Round "2.22"]
[White "Herrero, Alain"]
[Black "Daude, Alexandre"]
[Result "1-0"]
[WhiteElo "1647"]
[BlackElo "1352"]
[PlyCount "93"]
[EventDate "2018.07.??"]
[EventType "swiss"]
[EventRounds "9"]
[EventCountry "FRA"]

1. d4 Nf6 2. c4 g6 3. Nc3 Bg7 4. e4 d6 5. Nf3 O-O 6. Be2 e5 7. O-O Nc6 8. d5
Ne7 9. b4 Ne8 10. Re1 f5 11. Ng5 fxe4 12. Ngxe4 Nf5 13. Rb1 Nd4 14. Bg4 Qh4 15.
Bxc8 Rxc8 16. Bg5 Qh5 17. Re3 Qxd1+ 18. Rxd1 Nf6 19. Nxf6+ Bxf6 20. Bxf6 Rxf6
21. Rd2 Rcf8 22. Ne4 Rf4 23. f3 Kg7 24. Rc3 Kh6 25. c5 g5 26. cxd6 Nb5 27. Rc1
Nxd6 28. Re2 g4 29. Nxd6 gxf3 30. Rxe5 cxd6 31. Re6+ R8f6 32. Rxf6+ Rxf6 33.
gxf3 Rxf3 34. Re1 Rf6 35. Re7 Rg6+ 36. Kf2 Rg7 37. Re6+ Rg6 38. Ke3 Rxe6+ 39.
dxe6 Kg6 40. Kd4 Kf6 41. Kd5 Ke7 42. a4 a6 43. a5 h6 44. h3 h5 45. h4 Kd8 46.
Kxd6 Ke8 47. e7 1-0

[Event "Espalion Op"]
[Site "Espalion (12)"]
[Date "2018.07.15"]
[Round "2.23"]
[White "Charlier, Antoine"]
[Black "Labarthe, Arnaud"]
[Result "1-0"]
[WhiteElo "1259"]
[BlackElo "1632"]
[PlyCount "109"]
[EventDate "2018.07.??"]
[EventType "swiss"]
[EventRounds "9"]
[EventCountry "FRA"]

1. d4 Nf6 2. Nf3 b6 3. Bf4 Bb7 4. e3 d5 5. Nc3 a6 6. Be2 e6 7. a3 Bd6 8. Be5
Nbd7 9. Bxd6 cxd6 10. Bd3 O-O 11. Qe2 e5 12. Bf5 exd4 13. Nxd4 Ne5 14. b3 g6
15. Bd3 Qc7 16. Na2 Ne4 17. Bxe4 dxe4 18. O-O Qd7 19. h3 a5 20. Nc3 Rfc8 21.
Na4 Ba6 22. c4 Bxc4 23. Qd1 Bxf1 24. Nxb6 Qb7 25. Nxc8 Rxc8 26. Kxf1 Nd3 27.
Rb1 Qe7 28. Nc2 Qf6 29. f3 Ne5 30. Ne1 exf3 31. Nxf3 Qf5 32. Kg1 Rc2 33. Nd4
Rxg2+ 34. Kxg2 Qe4+ 35. Kh2 Qxe3 36. Rb2 Qxd4 37. Qxd4 Nf3+ 38. Kg2 Nxd4 39. b4
axb4 40. axb4 Nb5 41. Kf3 Kf8 42. Ra2 Ke7 43. Ra5 Nd4+ 44. Ke4 Nc6 45. Rb5 Ke6
46. Rb6 f5+ 47. Ke3 Kd5 48. b5 Ne5 49. Rb7 h5 50. Rc7 g5 51. b6 f4+ 52. Kf2 Nc6
53. b7 Nb8 54. Rc8 Nd7 55. Rd8 1-0

[Event "Espalion Op"]
[Site "Espalion (12)"]
[Date "2018.07.15"]
[Round "2.25"]
[White "Sanchez, Corentin"]
[Black "Baduel, Alain"]
[Result "0-1"]
[WhiteElo "1199"]
[BlackElo "1600"]
[PlyCount "130"]
[EventDate "2018.07.??"]
[EventType "swiss"]
[EventRounds "9"]
[EventCountry "FRA"]

1. e4 e5 2. Nf3 Nc6 3. Nc3 Nf6 4. Bc4 Be7 5. O-O O-O 6. d4 exd4 7. Nxd4 Ne5 8.
Be2 d5 9. exd5 Nxd5 10. Nxd5 Qxd5 11. Bf3 Nxf3+ 12. gxf3 Bh3 13. Re1 Bc5 14.
Be3 Rad8 15. c3 Rfe8 16. Qd2 Bxd4 17. Bxd4 Qxf3 18. Qg5 f6 19. Rxe8+ Rxe8 20.
Bxf6 Qxf6 21. Qxf6 gxf6 22. f3 Re2 23. b4 Rc2 24. Rd1 Rxc3 25. Rd8+ Kf7 26. Kf2
Ke7 27. Rh8 Bf5 28. Ke2 Rc2+ 29. Ke3 Rxa2 30. Kf4 Bg6 31. Rg8 Ra4 32. Ra8 Rxb4+
33. Ke3 a6 34. Ra7 Kd6 35. Ra8 Kc6 36. Rf8 f5 37. Rf6+ Kb5 38. Re6 Rb3+ 39. Kf2
f4 40. Rf6 Rb4 41. Re6 Rb2+ 42. Ke1 c5 43. Kd1 c4 44. Kc1 Rxh2 45. Rf6 Rh4 46.
Kd2 b6 47. Kc3 a5 48. Rf8 Bd3 49. Rf7 Ka4 50. Rb7 b5 51. Ra7 b4+ 52. Kd4 b3 53.
Rb7 Ka3 54. Rb5 a4 55. Kc3 Rh2 56. Rb6 b2 57. Rxb2 Rxb2 58. Kd4 Kb3 59. Ke5 a3
60. Kxf4 a2 61. Ke5 a1=Q 62. f4 Re2+ 63. Kd6 Qf6+ 64. Kc5 Kc3 65. f5 Re5# 0-1

[Event "Espalion Op"]
[Site "Espalion (12)"]
[Date "2018.07.15"]
[Round "2.26"]
[White "Boulier, Rene"]
[Black "Callebaut, Katia"]
[Result "1-0"]
[WhiteElo "1590"]
[BlackElo "1253"]
[PlyCount "37"]
[EventDate "2018.07.??"]
[EventType "swiss"]
[EventRounds "9"]
[EventCountry "FRA"]

1. e4 e5 2. Nf3 Nc6 3. Bc4 h6 4. O-O Nf6 5. d4 Nxe4 6. Re1 d5 7. Bb5 a6 8.
Bxc6+ bxc6 9. Nxe5 Qf6 10. f3 Bf5 11. fxe4 Bxe4 12. Nc3 Qh4 13. Nxe4 dxe4 14.
g3 Qf6 15. Rf1 Qe6 16. Nxf7 Rh7 17. Be3 Qh3 18. Qe2 h5 19. Ng5 1-0

[Event "Espalion Op"]
[Site "Espalion (12)"]
[Date "2018.07.15"]
[Round "2.27"]
[White "Antos, Claude"]
[Black "Mourgues, Joelle"]
[Result "0-1"]
[WhiteElo "1100"]
[BlackElo "1580"]
[PlyCount "82"]
[EventDate "2018.07.??"]
[EventType "swiss"]
[EventRounds "9"]
[EventCountry "FRA"]

1. e4 c5 2. Nf3 Nc6 3. d4 cxd4 4. Nxd4 Nf6 5. Bc4 Nxe4 6. Qf3 Nf6 7. Bg5 Ne5 8.
Qf5 d6 9. Qf4 Nxc4 10. O-O h6 11. Bxf6 gxf6 12. Nc3 e5 13. Rae1 Rg8 14. Nd5 Rg6
15. h4 Be7 16. h5 exf4 17. hxg6 Ne5 18. g7 Kd7 19. c4 b6 20. Rc1 Ba6 21. Rfe1
Bxc4 22. Rxc4 Nxc4 23. Rxe7+ Qxe7 24. Nxe7 Kxe7 25. Nf5+ Ke6 26. Nd4+ Kd5 27.
Nf5 Nxb2 28. g4 Kc5 29. f3 d5 30. a3 d4 31. Kf1 Re8 32. Nxd4 Kxd4 33. Kg1 Rg8
34. Kh2 Rxg7 35. a4 Ke3 36. Kh3 f5 37. Kh4 Kxf3 38. gxf5 Rg5 39. a5 b5 40. a6
f6 41. Kh3 Rh5# 0-1

[Event "Espalion Op"]
[Site "Espalion (12)"]
[Date "2018.07.15"]
[Round "2.29"]
[White "Veschambre, Martin"]
[Black "Muller-Moingt, Bastien"]
[Result "1-0"]
[WhiteElo "1541"]
[BlackElo "1007"]
[PlyCount "51"]
[EventDate "2018.07.??"]
[EventType "swiss"]
[EventRounds "9"]
[EventCountry "FRA"]

1. d4 d5 2. Bf4 Nf6 3. e3 e6 4. Nf3 Be7 5. c3 O-O 6. Bd3 c5 7. Nbd2 Nc6 8. Ne5
a6 9. Ndf3 Nb8 10. h4 Nbd7 11. Nh2 b6 12. g4 Bb7 13. g5 Ne8 14. Qh5 g6 15. Qg4
Rc8 16. Nhf3 cxd4 17. exd4 b5 18. h5 b4 19. hxg6 fxg6 20. Qxe6+ Kh8 21. Nxg6+
Kg7 22. Rxh7+ Kxh7 23. Nxf8+ Kg7 24. Qh6+ Kg8 25. Ne6 Bf8 26. Qh7# 1-0